FIFA 15 Team of the Year - Statistics

General Stats
  • This quiz has been taken 585 times
  • The average score is 7 of 11
Answer Stats
Position Rating Answer % Correct
GK 96 Manuel Neuer
95%
CB 94 Sergio Ramos
83%
LW 99 Cristiano Ronaldo
77%
ST (CF) 98 Lionel Messi
74%
RB 95 Philipp Lahm
70%
CM 95 Andres Iniesta
63%
CB 93 Thiago Silva
57%
RW 96 Arjen Robben
53%
CM 93 Toni Kroos
52%
LB (CB) 89 David Luiz
43%
CAM 94 Angel Di Maria
37%
No matching quizzes found
Score Distribution
Percent of People with Each Score
Percentile by Number Answered
Your Score History
You have not taken this quiz